Republican... or Democrat? - Statistics

General Stats
  • This quiz has been taken 630 times
  • The average score is 12 of 15
Answer Stats
Question Answer % Correct
Barack Obama Democrat
99%
Donald Trump Republican
99%
John F. Kennedy Democrat
94%
Abraham Lincoln Republican
92%
Ronald Reagan Republican
91%
Jimmy Carter Democrat
86%
Franklin D. Roosevelt Democrat
85%
Herbert Hoover Republican
82%
Calvin Coolidge Republican
80%
James Garfield Republican
73%
Andrew Jackson Democrat
68%
Andrew Johnson Democrat
68%
Theodore Roosevelt Republican
68%
Chester Arthur Republican
67%
Woodrow Wilson Democrat
66%
No matching quizzes found
Score Distribution
Percent of People with Each Score
Percentile by Number Answered
Your Score History
You have not taken this quiz